00549nam a2200193 a 4500001001300000003000900013005001700022008004100039020002300080082001700103100002500120245004200145260005400187300001000241500003500251505001200286650003200298700002500330nice12345678IN_TiNIC20260116014202.0140217s2007 newa grp 000 0 eng  a8174353585 c45000a297.63bHAM7 aHamidullah, Muhammad aLife and Work of the Prophet of Islam aNew Delhi bAdam Publisher and Distributer c2007 a522p  aincludes index and biblioraphy2 aindices aMuhammad, Prophet-Biography1 aHamidullah, Muhammad